| 000 | 00881nam a22002057a 4500 | ||
|---|---|---|---|
| 005 | 20240530110505.0 | ||
| 008 | 151005q199؟ ua adk g b 000 0 ara d | ||
| 040 | _aEG-CaGPL | ||
| 082 | 0 | 4 |
_221 _a001.422\ _bم م |
| 100 | 0 | _aمحمد السيد على الكسبانى | |
| 245 | 1 | 0 |
_aمعالجة البيانات الاخصائية فى البحوث التربوية باستخدام برنامج SPSS / _cمحمد السيد على الكسبانى |
| 260 |
_aالاسكندرية : _bمؤسسة حورس الدولية ، _c[199-] . |
||
| 300 |
_a353 ص : _bايض ؛ _c32 سم . |
||
| 504 | _aيشتمل على ارجاعات ببليوجرافية | ||
| 650 | 0 | 4 |
_aالبيانات _xمعالجة الية |
| 650 | 0 | 4 | _aالاحصائيات |
| 650 | 0 | 4 |
_aالبيانات ، احصاء _xمعالجة الية |
| 650 | 0 | 4 |
_aSPSS _xبرامج حاسبات |
| 942 |
_2ddc _cBK |
||
| 999 |
_c61542 _d61542 |
||